Statistics for Fire Emblem Heroes Units

Click here to take the quiz!

General Stats

  • This quiz has been taken 749 times
    (4 since last reset)
  • The average score is 372 of 446

Answer Stats

Answer % Correct
Lyn (Summer Refreshes)
100%
Lyn (Lady of the Wind)
100%
Lyn (Love Abounds)
100%
Lyon
100%
Maria
100%
Marth (Masked)
100%
Marth
100%
Maribelle
100%
Lyn (Brave Heroes)
100%
Lyn (Bridal Blessings)
100%
Lucina (Brave Heroes)
100%
Lucina (Spring)
100%
Lucina
100%
Lucina (Glorious Archer)
100%
Lukas
100%
Lyn
100%
Lute
100%
Lukas (A Season for Picnics)
100%
Marth (Bridal Bloom)
100%
Marth (Hero-King)
100%
Niles (The Land's Bounty)
100%
Niles
100%
Nailah
100%
Nina
100%
Nino
100%
Nowi (Trick or Defeat)
100%
Nowi
100%
Nino (Pale Flower)
100%
Nah
100%
Nagi
100%
Mia (The Land's Bounty)
100%
Mia
100%
Mercedes
100%
Micaiah
100%
Micaiah (Festival in Hoshido)
100%
Myrrh (The Land's Bounty)
100%
Myrrh
100%
Micaiah (Brave Echoes)
100%
Lissa (Winter's Envoy)
100%
Lissa
100%
Innes (Summer's Arrival)
100%
Innes
100%
Ilyana (A Monstrous Harvest)
100%
Ishtar
100%
Ishtar (A Splendid Soiree)
100%
Lachesis
100%
Klein
100%
Joshua
100%
Ike (Greil's Devoted)
100%
Ike (Vanguard Legend)
100%
Hinoka (Hostile Springs)
100%
Hinoka (Wings of Fate)
100%
Hinoka
100%
Hríd
100%
Hríd (New Year's of Fire and Ice)
100%
Ike (Brave Heroes)
100%
Ike
100%
Idunn
100%
Laegjarn
100%
Laegjarn (New Experiences)
100%
Leo (Extra Tomatoes)
100%
Leo (Nohrian Summer)
100%
Abel
100%
Leon
100%
Lethe
100%
Lilina (Summer Refreshes)
100%
Lilina (Love Abounds)
100%
Lilina
100%
Leif (Unifier of Thracia)
100%
Leif
100%
Laevatein (New Year's of Fire and Ice)
100%
Laevatein
100%
Laegjarn (Summer Returns)
100%
Laevatein (Summer Returns)
100%
L'Arachel
100%
Leanne
100%
L'Arachel (A Monstrous Harvest)
100%
Odin
100%
Olivia
100%
Tana (Summer's Arrival)
100%
Tana
100%
Takumi (A Sketchy Summer)
100%
Tethys
100%
Tharja
100%
Thrasir
100%
Tharja (Bridal Bloom)
100%
Tharja (Winter's Envoy)
100%
Takumi (Fallen Heroes)
100%
Takumi (Happy New Year!)
100%
Soren
100%
Soleil
100%
Silque
100%
Soren (Greil's Devoted)
100%
Sothe
100%
Takumi
100%
Surtr
100%
Sothis
100%
Tibarn
100%
Tiki (Adult)
100%
Xander (Festival in Hoshido)
100%
Xander (Spring)
100%
Xander (Nohrian Summer)
100%
Yarne
100%
Ylgr
100%
Zephiel
100%
Zelgius
100%
Ylgr (Breaking the Ice)
100%
Xander
100%
Virion
100%
Tiki (Young) (A Sketchy Summer)
100%
Tiki (Young)
100%
Tiki (Adult) (Ylissean Summer)
100%
Tiki (Young) (Legendary Dragon)
100%
Tiki (Young) (Darkness Within)
100%
Veronica (Regal Rabbits)
100%
Veronica (Arrival of the Brave)
100%
Tobin
100%
Siegbert
100%
Sheena
100%
Reinhardt (World of Thracia)
100%
Reinhardt
100%
Ranulf
100%
Reinhardt (A Splendid Soiree)
100%
Reyson
100%
Robin (Female) (Fell Vessel)
100%
Robin (Female) (Ylissean Summer)
100%
Robin (Female)
100%
Panne
100%
Palla (Regal Rabbits)
100%
Olwen
100%
Olivia (Ylissean Travelers)
100%
Olivia (Performing Arts)
100%
Olwen (World of Thracia)
100%
Ophelia
100%
Palla
100%
Owain
100%
Oscar
100%
Robin (Male)
100%
Robin (Male) (Winter's Envoy)
100%
Sakura (Hostile Springs)
100%
Sakura (Trick or Defeat)
100%
Sakura
100%
Sanaki
100%
Sanaki (Bridal Bloom)
100%
Sharena (Hares at the Fair)
100%
Sharena
100%
Seth
100%
Ryoma (Hostile Springs)
100%
Ryoma (Festival in Hoshido)
100%
Roy (Brave Heroes)
100%
Roy
100%
Robin (Male) (Fallen Heroes)
100%
Roy (Love Abounds)
100%
Roy (Blazing Lion)
100%
Ryoma (Supreme Samurai)
100%
Ryoma
100%
Hector (A Monstrous Harvest)
100%
Leo
100%
Eliwood (Love Abounds)
100%
Eliwood
100%
Eliwood (Blazing Knight)
100%
Eliwood (Brave Echoes)
100%
Ephraim (Legendary Lord)
100%
Ephraim
100%
Camilla (Steamy Secrets)
100%
Elise (Hostile Springs)
100%
Elincia
100%
Eldigan
100%
Elincia (Festival in Hoshido)
100%
Elise
100%
Elise (Nohrian Summer)
100%
Camilla (Brave Echoes)
100%
Ephraim (Arrival of the Brave)
100%
Ephraim (Gifts of Winter)
100%
Faye
100%
Camilla (Happy New Year!)
100%
Camilla
100%
Cain
100%
Fjorm (New Year's of Fire and Ice)
100%
Fjorm
100%
Camilla (A Sketchy Summer)
100%
Fae (Gifts of Winter)
100%
Est
100%
Ephraim (Dynastic Duo)
100%
Camilla (Adrift)
100%
Ewan
100%
Fae
100%
Catria
100%
Eirika (Gifts of Winter)
100%
Cordelia
100%
Cordelia (Bridal Blessings)
100%
Conrad
100%
Clive
100%
Clair
100%
Claude
100%
Cordelia (Summer's Arrival)
100%
Corrin (Male) (Adrift)
100%
Corrin (Female) (Nohrian Summer)
100%
Corrin (Female)
100%
Corrin (Female) (Adrift)
100%
Corrin (Female) (Darkness Within)
100%
Corrin (Male) (Happy New Year!)
100%
Corrin (Male)
100%
Chrom (The Branded King)
100%
Chrom (Winter's Envoy)
100%
Catria (Hares at the Fair)
100%
Catria (Zofia's Call)
100%
Eir
100%
Eirika
100%
Eirika (Graceful Resolve)
100%
Eirika (Sacred Memories)
100%
Celica
100%
Celica (Fallen Heroes)
100%
Chrom
100%
Chrom (Spring)
100%
Charlotte (Bridal Blessings)
100%
Edelgard
100%
Celica (Arrival of the Brave)
100%
Fjorm (Bridal Belonging)
100%
Camilla (Spring)
100%
Bartre
100%
Anna
100%
Frederick (Ylissean Summer)
100%
Amelia
100%
Frederick
100%
Black Knight
100%
Arden
100%
Garon
100%
Gunnthrá (New Year's of Fire and Ice)
100%
Gerik
100%
Bruno (Regal Rabbits)
100%
Gunnthrá
100%
Brady
100%
Ares
100%
Berkut (A Splendid Soiree)
100%
Alm (Saint-King)
100%
Hector (Arrival of the Brave)
100%
Alm
100%
Berkut
100%
Alfonse
100%
Alfonse (Hares at the Fair)
100%
Hector (Marquess of Ostia)
100%
Hector (Love Abounds)
100%
Gunnthrá (Summer Returns)
100%
Berkut (Darkness Within)
100%
Arvis
100%
Alm (Brave Echoes)
100%
Hector
100%
Gerome
100%
Cherche
67%
Roderick
67%
Valter
67%
Ursula (Summer Refreshes)
67%
Ursula
67%
Saias
67%
Cecilia
67%
Cecilia (Festive Instructor)
67%
Velouria
67%
Valbar
67%
Rutger
67%
Ross
67%
Rhajat
67%
Python
67%
Quan
67%
Priscilla
67%
Peri
67%
Yune
67%
Pent (Bridal Belonging)
67%
Raigh
67%
Raven
67%
Rinea (Reminiscent Belle)
67%
Wrys
67%
Athena
67%
Clarine
67%
Clarisse
67%
Arthur
67%
Canas
67%
Shigure (Performing Arts)
67%
Shiro
67%
Subaki
67%
Sigrun
67%
Shigure
67%
Cormag
67%
Sully
67%
Shanna
67%
Sue
67%
Sigrun (Bridal Belonging)
67%
Sigurd
67%
Byleth (Male)
67%
Caeda
67%
Sonya
67%
Sophia
67%
Byleth (Female)
67%
Stahl
67%
Caineghis
67%
Silvia
67%
Sirius
67%
Sumia
67%
Setsuna
67%
Caeda (Bridal Blessings)
67%
Azura (Happy New Year!)
67%
Azura (Young Songstress)
67%
Azura (Vallite Songstress)
67%
Azura (Performing Arts)
67%
Azura
67%
Ayra
67%
Azama
67%
Saizo
67%
Thea
67%
Camus
67%
Boey
67%
Tailtiu
67%
Selkie
67%
Serra
67%
Beruka
67%
Tanith (Bridal Belonging)
67%
Bantu
67%
Barst
67%
Seliph
67%
Aversa
67%
Ninian
67%
Genny (A Season for Picnics)
67%
Gharnef
67%
Genny
67%
Gaius (Ylissean Summer)
67%
Laslow
67%
Gaius
67%
Keaton
67%
Kaze
67%
Kana (Male)
67%
Kana (Female)
67%
Karel
67%
Karla
67%
Katarina
67%
Forsyth
67%
Legault
67%
Felicia (A Season for Picnics)
67%
Oliver
67%
Linde
67%
Linde (A Sketchy Summer)
67%
Linus
67%
Libra
67%
Fir
67%
Florina
67%
Legion
67%
Flora (A Season for Picnics)
67%
Lene
67%
Flora
67%
Kagero (The Land's Bounty)
67%
Kagero (Hares at the Fair)
67%
Hana
67%
Hardin (Fallen Heroes)
67%
Gwendolyn
67%
Gunter
67%
Inigo (Performing Arts)
67%
Hubert
67%
Hawkeye
67%
Henry
67%
Helbindi (Summer Returns)
67%
Henry (Trick or Defeat)
67%
Hilda
67%
Hinata
67%
Greil (Greil's Devoted)
67%
Gray
67%
Julia (Crusader of Light)
67%
Julia
67%
Julius
67%
Kaden
67%
Kagero
67%
Gordin
67%
Jeorge
67%
Jagen
67%
Jaffar
67%
Jakob
67%
Jakob (Trick or Defeat)
67%
Jamke
67%
Felicia
67%
Finn
67%
Draug
67%
Naga
67%
Dozla (A Monstrous Harvest)
67%
Dorcas (Pumpkin Smasher)
67%
Nanna
67%
Naesala
67%
Lloyd
67%
Mist (Greil's Devoted)
67%
Mist
67%
Mordecai
67%
Morgan (Female)
67%
Morgan (Male)
67%
Narcian
67%
Navarre
67%
Delthea
67%
Delthea (Tatarrah's Puppet)
67%
Deirdre
67%
Oboro
67%
Ogma
67%
Ninian (Bridal Bloom)
67%
Helbindi
67%
Nephenee (A Splendid Soiree)
67%
Nephenee
67%
Dorcas
67%
Donnel
67%
Dimitri
67%
Minerva
67%
Duma
67%
Mareeta (Darkness Within)
67%
Ethlyn
67%
Marisa (Regal Rabbits)
67%
Mae
67%
Lon'qu
67%
Louise (Eternal Devotion)
67%
Lucius
67%
Luke
67%
Matthew
67%
Marisa
67%
Mikoto (Adrift)
67%
Loki (Spring Trickster)
67%
Effie
67%
Loki
67%
Merric
67%
Michalis
67%
Wolt (Summer Refreshes)
33%
Walhart
33%
Haar
33%
Norne
33%
Death Knight
33%
Phina
33%
Petra
33%
Cynthia
33%
Noire (Summer's Arrival)
33%
Lugh
33%
Mathilda
33%
Selena
33%
Rolf (Tricky Archer)
33%
Saber
33%
Kliff
33%
Kronya
33%
Titania
33%
Titania (Greil's Devoted)
33%
Rebecca
33%
Astram
33%
Fiora (Defrosted Illian)
33%
Lewyn
33%
Kjelle
33%
Silas
33%

Score Distribution

Percentile by Number Answered

Percent of People with Each Score

Your Score History

You have not taken this quiz since the last reset